| 000 | 00412nam a22001337a 4500 | ||
|---|---|---|---|
| 040 | _cNUST | ||
| 082 | _a200 THE | ||
| 100 |
_aZara Hayat _9118443 |
||
| 110 | _aSupervisor: Dr. Farooque Azam | ||
| 245 | _aTH-SOF-2215-A Novel Model Driven Framework for the Development of Web-based Graphical Information Systems | ||
| 260 |
_aISLAMABAD: _bNUST COLLEGE OF EME, _c2023. |
||
| 650 | _aMS-CSE-19 | ||
| 942 |
_2ddc _cTHE |
||
| 999 |
_c603388 _d603388 |
||